000 00204nam a2200085Ia 4500
008 120527s9999 xx 000 0 und d
100 _aCleary & watson
245 _aPsychology: Law of animality
942 _cBK
999 _c27452
_d27452